| 000 | 00904nas a2200301 4500 | ||
|---|---|---|---|
| 001 | BR2012001818 | ||
| 003 | BR-BrBNA | ||
| 005 | 20231205120311.0 | ||
| 007 | ta | ||
| 008 | 230509b bl.|||p| |||| 00| 00por d | ||
| 040 |
_aBR-BrBNA _bpor _cBiblioteca Nacional de Agricultura |
||
| 041 | _a(Pt) | ||
| 072 | _aL53 | ||
| 100 | 1 | _aBalla, E. | |
| 100 | 1 | _aPeña, D.M. | |
| 100 | 1 | _aBó, G.A. | |
| 245 | 1 | _aEfeito do tratamento com dispositivos intravaginais Cronipres, novos, de 2º uso e 3º uso por 7,8 e 9 dias em programas de IATF | |
| 650 | _aVACA | ||
| 650 | _aNOVILHO | ||
| 650 | _aFÊMEA | ||
| 650 | _aREPRODUÇÃO ANIMAL | ||
| 650 | _aHORMÔNIO | ||
| 650 | _aMEDICAMENTO | ||
| 650 | _aPROGESTERONA | ||
| 773 | 0 |
_tA Hora Veterinária (Brazil) _xISSN 0101-9163 _g(Nov-Dec 2004), v. 24(142) p. 15-18 _wBR2012001818 |
|
| 909 |
_a202311 _bLúcia _c55 _dLúcia Elande |
||
| 942 |
_2AGRIS _n0 _cANA |
||
| 999 |
_c217824 _d217824 |
||